00786nam a2200205 a 4500008004100000020001500041050001500056100002400071245017900095260003900274300001800313350000900331490003200340650004900372650005900421650002400480650002500504700003600529710001500565081029s1998 ||||||||||||||||| || u a0821342983 aIBRD(08)TP aSalman, Salman M. A10aInternational watercourses: enhancing cooperation and managing conflict: proceedings of a World Bank seminarcEdited by Salman M. A. Salman and Laurence Boisson de Chazournes aWashington, D.C.bWorld Bankc1998 axi, 95p.:ill. a0.00 aWorld Bank Technical Papers aPACIFIC SETTLEMENT OF INTERNATIONAL DISPUTES 0aWATER RESOURCES DEVELOPMENT--INTERNATIONAL COOPERATION aINTERNATIONAL LAKES aINTERNATIONAL RIVERS aBoisson de chazournes, Laurence aWorld Bank